000 00486nam a2200169 4500
001 132268
003 ES-MaACL
005 20230906194135.0
007 t|
008 070214s1985 sp r ||||1| spa d
100 1 _aRomero, Emilio.
_999320
245 1 0 _aYo fui amante del Rey /
_cEmilio Romero.
250 _a1ª ed.
260 _aEsplugues de Llobregat (Barcelona) :
_bPlaza & Janés,
_c1985.
300 _a109 p., 4 h. de lám. ;
_c20 cm.
852 _aES-MaACL
_jL-8865
_bR.110387
999 _c132268
_d132268